The poetry of Louise Glück a thematic introduction /

"Explores Glück's utilization of masks of characters from history, the Bible, and fairy tales, discussing the persistent themes and transitional tone of her poetry through close reading of her early work, Firstborn; through the book-length sequences Ararat, Meadowlands, and The Wild Iris; to her lat...

Cur síos iomlán

Sábháilte in:
Sonraí bibleagrafaíochta
Príomhchruthaitheoir: Morris, Daniel, 1962-
Údar corparáideach: ebrary, Inc
Formáid: Leictreonach Ríomhleabhar
Teanga:Béarla
Foilsithe / Cruthaithe: Columbia : University of Missouri Press, c2006.
Ábhair:
Rochtain ar líne:An electronic book accessible through the World Wide Web; click to view
Clibeanna: Cuir clib leis
Níl clibeanna ann, Bí ar an gcéad duine le clib a chur leis an taifead seo!

MARC

LEADER 00000nam a2200000 a 4500
001 0000093996
005 20171002054829.0
006 m u
007 cr cn|||||||||
008 060726s2006 mou sb s001 0 eng
010 |z  2006024591 
015 |a GBA690177  |2 bnb 
016 7 |z 013584238  |2 Uk 
020 |z 0826216935 (hard cover : alk. paper) 
020 |z 9780826216939 (hard cover : alk. paper) 
035 |a (CaPaEBR)ebr10188311 
035 |a (OCoLC)290591375 
040 |a CaPaEBR  |c CaPaEBR 
050 1 4 |a PS3557.L8  |b Z75 2006eb 
082 0 4 |a 811/.54  |2 22 
100 1 |a Morris, Daniel,  |d 1962- 
245 1 4 |a The poetry of Louise Glück  |h [electronic resource] :  |b a thematic introduction /  |c Daniel Morris. 
260 |a Columbia :  |b University of Missouri Press,  |c c2006. 
300 |a xi, 274 p. 
504 |a Includes bibliographical references (p. 255-264) and index. 
520 |a "Explores Glück's utilization of masks of characters from history, the Bible, and fairy tales, discussing the persistent themes and transitional tone of her poetry through close reading of her early work, Firstborn; through the book-length sequences Ararat, Meadowlands, and The Wild Iris; to her latest, including Vita Nova and Averno"--Provided by publisher. 
533 |a Electronic reproduction.  |b Palo Alto, Calif. :  |c ebrary,  |d 2013.  |n Available via World Wide Web.  |n Access may be limited to ebrary affiliated libraries. 
600 1 0 |a Glück, Louise,  |d 1943-  |x Criticism and interpretation. 
655 7 |a Electronic books.  |2 local 
710 2 |a ebrary, Inc. 
856 4 0 |u http://site.ebrary.com/lib/daystar/Doc?id=10188311  |z An electronic book accessible through the World Wide Web; click to view 
908 |a 170314 
942 0 0 |c EB 
999 |c 83151  |d 83151